Prevención de desastres / (Registro nro. 701)
[ vista simple ]
| 000 -LEADER | |
|---|---|
| fixed length control field | 01199nam a2200253Ia 4500 |
| 003 - CONTROL NUMBER IDENTIFIER | |
| control field | PE SENCICO BE |
| 005 - DATE AND TIME OF LATEST TRANSACTION | |
| control field | 20260306185455.0 |
| 008 - FIXED-LENGTH DATA ELEMENTS--GENERAL INFORMATION | |
| fixed length control field | 200515s9999 xx 000 0 und d |
| 020 ## - INTERNATIONAL STANDARD BOOK NUMBER | |
| International Standard Book Number | 9972-1-0175-4 |
| 040 ## - CATALOGING SOURCE | |
| Original cataloging agency | PE SENCICO BE |
| Transcribing agency | PE SENCICO BE |
| 041 ## - LANGUAGE CODE | |
| Language code of text/sound track or separate title | spa |
| 082 ## - DEWEY DECIMAL CLASSIFICATION NUMBER | |
| Classification number | 303.485 |
| Item number | K96P |
| 100 1# - MAIN ENTRY--PERSONAL NAME | |
| Personal name | Kuroiwa, Julio |
| 9 (RLIN) | 189 |
| Relator term | autor |
| 245 10 - TITLE STATEMENT | |
| Title | Prevención de desastres / |
| Statement of responsibility, etc. | Julio Kuroiwa |
| 250 ## - EDITION STATEMENT | |
| Edition statement | [1a ed.] |
| 260 ## - PUBLICATION, DISTRIBUTION, ETC. | |
| Place of publication, distribution, etc. | Lima : |
| Name of publisher, distributor, etc. | Bruño ; |
| Date of publication, distribution, etc. | sin año |
| 300 ## - PHYSICAL DESCRIPTION | |
| Extent | 112 páginas : |
| Other physical details | ilustraciones a color, tablas,gráficos ; |
| Dimensions | 27 cm. |
| 500 ## - GENERAL NOTE | |
| General note | En la cubierta: viviendo en armonía con la naturaleza |
| 505 0# - FORMATTED CONTENTS NOTE | |
| Formatted contents note | La armonía con la naturaleza para reducir los desastres -- Fenómenos de origen geológico I: terremotos -- Fenómenos de origen geológico II: vulcanismo y tsunamis -- Desastres de origen climático -- Fenómenos geológicos-climáticos -- Desastres tecnológicos -- Microzonificación y planeamiento urbano. Ubicación de viviendas -- Preparación de la población, ensayos de evacuación y planes de emergencia |
| 650 10 - SUBJECT ADDED ENTRY--TOPICAL TERM | |
| Topical term or geographic name entry element | Desastres naturales |
| 9 (RLIN) | 370 |
| 650 20 - SUBJECT ADDED ENTRY--TOPICAL TERM | |
| Topical term or geographic name entry element | Administración de riesgos |
| 9 (RLIN) | 567 |
| 650 20 - SUBJECT ADDED ENTRY--TOPICAL TERM | |
| Topical term or geographic name entry element | Fenómenos naturales |
| 9 (RLIN) | 568 |
| 942 ## - ADDED ENTRY ELEMENTS (KOHA) | |
| Koha item type | Libros |
| Source of classification or shelving scheme | Dewey Decimal Classification |
| Fecha de la última vez que lo usaron | Pago total | Signatura topográfica completa | Código de barras | Tipo de documento | Estado perdido | Sistema de clasificación | Estado dañado | No es para préstamo | Retirado | Ubicación permanente | Ubicación actual | Número de ingreso o de inventario | Precio efectivo desde | Fecha de adquisición |
|---|---|---|---|---|---|---|---|---|---|---|---|---|---|---|
| 15/05/2020 | 303.485/K96P | BibLima26032604 | Libros | Dewey Decimal Classification | Biblioteca Central Lima | Biblioteca Central Lima | ||||||||
| 15/05/2020 | 303.485/K96P/ej. 2 | BibLima26032605 | Libros | Dewey Decimal Classification | Biblioteca Central Lima | Biblioteca Central Lima | 12078 | |||||||
| 06/03/2026 | 303.485/K96P | BibZtruj26032606 | Libros | Dewey Decimal Classification | Biblioteca Trujillo | Biblioteca Trujillo | 06/03/2026 | 06/03/2026 | ||||||
| 06/03/2026 | 303.485/K96P/ej. 2 | BibZtruj26032607 | Libros | Dewey Decimal Classification | Biblioteca Trujillo | Biblioteca Trujillo | 06/03/2026 | 06/03/2026 | ||||||
| 06/03/2026 | 303.485/K96P/ej. 3 | BibZtruj26032608 | Libros | Dewey Decimal Classification | Biblioteca Trujillo | Biblioteca Trujillo | 06/03/2026 | 06/03/2026 | ||||||
| 06/03/2026 | 303.485/K96P/ej. 4 | BibZtruj26032609 | Libros | Dewey Decimal Classification | Biblioteca Trujillo | Biblioteca Trujillo | 06/03/2026 | 06/03/2026 | ||||||
| 06/03/2026 | 303.485/K96P/ej. 5 | BibZtruj26032610 | Libros | Dewey Decimal Classification | Biblioteca Trujillo | Biblioteca Trujillo | 06/03/2026 | 06/03/2026 | ||||||
| 06/03/2026 | 303.485/K96P/ej. 6 | BibZtruj26032611 | Libros | Dewey Decimal Classification | Biblioteca Trujillo | Biblioteca Trujillo | 06/03/2026 | 06/03/2026 | ||||||
| 06/03/2026 | 303.485/K96P/ej. 7 | BibZtruj26032612 | Libros | Dewey Decimal Classification | Biblioteca Trujillo | Biblioteca Trujillo | 06/03/2026 | 06/03/2026 | ||||||
| 06/03/2026 | 303.485/K96P/ej. 8 | BibZtruj26032613 | Libros | Dewey Decimal Classification | Biblioteca Trujillo | Biblioteca Trujillo | 06/03/2026 | 06/03/2026 | ||||||
| 06/03/2026 | 303.485/K96P/ej. 9 | BibZtruj26032614 | Libros | Dewey Decimal Classification | Biblioteca Trujillo | Biblioteca Trujillo | 06/03/2026 | 06/03/2026 | ||||||
| 06/03/2026 | 303.485/K96P/ej. 10 | BibZtruj26032615 | Libros | Dewey Decimal Classification | Biblioteca Trujillo | Biblioteca Trujillo | 06/03/2026 | 06/03/2026 |